ՀՀ Գիտությունների ազգային ակադեմիայի հիմնարար գիտական գրադարան  =   Fundamental Scientific Library of NAS RA

Белорусский государственный университет имени В. И. Ленина : (Record no. 516853)

MARC details
000 -LEADER
fixed length control field 00789nam a22001937a 4500
003 - CONTROL NUMBER IDENTIFIER
control field AM-YEHGA
005 - DATE AND TIME OF LATEST TRANSACTION
control field 20250617164038.0
008 - FIXED-LENGTH DATA ELEMENTS--GENERAL INFORMATION
fixed length control field 210925b ||||| |||| 00| 0 rus d
040 ## - CATALOGING SOURCE
Original cataloging agency AM-YeHGA
041 0# - LANGUAGE CODE
Language code of text/sound track or separate title rus
001 - CONTROL NUMBER
control field 1791554
090 ## - LOCALLY ASSIGNED LC-TYPE CALL NUMBER (OCLC); LOCAL CALL NUMBER (RLIN)
-- 520402
245 00 - TITLE STATEMENT
Title Белорусский государственный университет имени В. И. Ленина :
Remainder of title [Обзор] /
Statement of responsibility, etc. Редкол.: Л. С. Абецедарский и др.
260 ## - PUBLICATION, DISTRIBUTION, ETC.
Place of publication, distribution, etc. Минск :
Name of publisher, distributor, etc. [Изд-во М-ва высш., сред. спец. и проф. образования БССР],
Date of publication, distribution, etc. [1962]
300 ## - PHYSICAL DESCRIPTION
Extent 278 с., 1 л. портр.;
Other physical details ил.
653 0# - INDEX TERM--UNCONTROLLED
Uncontrolled term Университеты - Минск
700 1# - ADDED ENTRY--PERSONAL NAME
Relationship edt
Personal name Абецедарский, Л. С.
Relator term ред.
942 ## - ADDED ENTRY ELEMENTS (KOHA)
Source of classification or shelving scheme Universal Decimal Classification
Koha item type Գրքեր / Books
Holdings
Withdrawn status Lost status Damaged status Not for loan Collection Home library Current library Date acquired Total checkouts Full call number Barcode Date last seen Price effective from Koha item type Public note Source of classification or shelving scheme
        General Fundamental Scientific Library Fundamental Scientific Library 25/09/2021   РII/62100 FL0658014 25/09/2021 25/09/2021 Գրքեր / Books 30 Days Loan  
        General Fundamental Scientific Library Fundamental Scientific Library 17/12/2021   PII/68895 FL0666648 17/12/2021 17/12/2021 Գրքեր / Books 30 Days Loan Universal Decimal Classification


ՀՀ ԳԱԱ հիմնարար գիտական գրադարան
ՀՀ,Երևան 0019
Մարշալ Բաղրամյան 24/6
հեռախոս:(374-10) 52-47-50
Հետադարձ կապ

All site content, except where otherwise noted, is licensed under a
Creative Commons License